000 01342nam a22001577a 4500
041 _aukr
080 _a09
090 _bОКУ
100 _aОкуневська О.Г.
245 _aІлюстративний матеріал у лексикографічних роботах.
260 _aОстрог
_bКАФ
_c2012
300 _a45
520 _aРозділ 1. Ілюстративний матеріал у лексикографічних працях. 1.1 Ілюстративний матеріал як допомога у сприйнятті тексту. 1.2 Особливості представлення матеріалу лексикографічними працями. 1.3 Ілюстративні вислови. 1.3.1 Ілюстрації-малюнки. Розділ 2. Використання ілюстративного матеріалу в залежності від типу словника. 2.1 Типологія словників. 2.2 Зіставлення особливостей ілюстративного матеріалу у різних типах словників. 2.3 Порівняльний аналіз паперової та електронної версії Longman Exams Dictionary.
_0лексикографія,словник
650 _aResearch Papers
999 _c284969
_d284969
942 _cBK